| 000 | 00481nam a2200193Ia 4500 | ||
|---|---|---|---|
| 003 | GCL | ||
| 008 | 140319s9999 xx 000 0 eng d | ||
| 040 |
_aGCL / _cGCL |
||
| 082 | 0 | 4 |
_a863 _bS A |
| 100 | 1 | _aSUAREZ, GONZALO | |
| 245 | 1 | 0 |
_aEL ASESINO TRISTE / _cSUAREZ, GONZALO |
| 260 |
_a[S.N] : _bALFAGUARA HISPANICA ، _c1994 |
||
| 300 | _a214 | ||
| 650 | 0 | 4 | _aLITERATURE |
| 650 | 0 | 4 | _aFICTION |
| 650 | 0 | 4 | _aSPANISH LITERATURE |
| 650 | 0 | 4 | _aSPANISH FICTION |
| 942 |
_2ddc _cBK |
||
| 999 |
_c12866 _d12866 |
||